000 00289nam a2200097Ia 4500
008 220204s9999 xx 000 0 und d
082 _a001.396527778
_bNAT
245 0 _aNational accounts statistics of India 1950-51 to 1994-95
260 _aMumbai
_bEPW Research Foundation
_c1996
942 _cBK
999 _c41082
_d41082